[Event "Thessaloniki FIDE GP"]
[Site "Thessaloniki"]
[Date "2013.05.24"]
[Round "3"]
[White "Ponomariov, Ruslan"]
[Black "Topalov, Veselin"]
[Result "1/2-1/2"]
[WhiteElo "2742"]
[BlackElo "2793"]
[Annotator "Ftacnik,L"]
[PlyCount "112"]
[EventDate "2013.05.22"]
[EventType "tourn"]
[EventRounds "11"]
[EventCountry "GRE"]
[EventCategory "21"]
[SourceTitle "CBM 155"]
[Source "ChessBase"]
[SourceDate "2013.07.16"]
[SourceVersion "1"]
[SourceVersionDate "2013.07.16"]
[SourceQuality "1"]

1. e4 c5 2. Nf3 d6 3. d4 cxd4 4. Nxd4 Nf6 5. Nc3 a6 6. Be3 e6 7. Be2 Nbd7 {
Every student of the Scheveningen/Najdorf Sicilian complex was taught that the
knight from b8 belongs on the c6-square. Virtually the only good players
experimenting with placement of the knight on d7 have been Topalov and his
Bulgarian analytical team.} 8. g4 h6 9. f4 g5 $5 {The internal logic of the
chess struggle will sometimes hint at correct solutions to problems somewhat
automatically. Black wanted to play g7-g5 and if necessary is even prepared to
do it as a form of positional sacrifice.} 10. f5 {It makes little sense to
hold White responsible for his alibistic approach. Ponomariov was well aware
of the fact, that Topalov would not have played the line without thorough
preparation. Objectively speaking the only move able to aspire for any real
advantage will have to be the accepting of the sacrifice with 10.fxg5.} (10.
fxg5 hxg5 11. Bxg5 b5 (11... Qb6 12. Nb3 (12. Qd2 Qxb2 13. Rb1 Qa3 $13) 12...
Rxh2 $1 13. Rf1 Bg7 (13... Be7 14. Qd2 Nxg4 $2 15. Bxe7 Kxe7 16. Qg5+ Ngf6 17.
e5 dxe5 18. O-O-O Rf2 19. Nd2 Rxf1 20. Rxf1 Qd8 21. Nc4 $16) 14. Bf4 (14. Qd3
Ne5 15. Qg3 Rxe2+ $1 16. Kxe2 Nfxg4 $132) 14... Rh3 15. g5 Nh7 16. Qd2 $16) 12.
Bf3 (12. e5 dxe5 (12... Nxe5 $2 13. Bf3 Ra7 (13... d5 14. Qe2 Nxf3+ 15. Qxf3
Bg7 16. Nc6 Qc7 17. Bxf6 $18) 14. Nc6 Nxc6 15. Bxc6+ Bd7 16. Bxd7+ Rxd7 17. Rf1
Be7 18. Qd4 e5 19. Qf2 $18) 13. Nxe6 fxe6 14. Bf3 Rb8 15. Qd3 Kf7 16. h4 $44) (
12. a3 Bb7 13. h4 Be7 14. Rf1 Ne5 15. Bxf6 Bxf6 16. g5 Bg7 17. Bh5 Qe7 18. Qe2
Rc8 19. O-O-O Rxc3 20. bxc3 d5 21. Nxe6 Qxe6 22. exd5 Qd6 23. Rxf7 Kd8 24. Rxg7
Nc4 25. Qe7+ Qxe7 26. Rxe7 Kxe7 27. Re1+ Kd6 $11 {1/2 (52) Jakubowski,K (2510)
-Kukawski,M (2338) Warsaw 2011}) 12... Ne5 (12... b4 13. Nce2 (13. Ncb5 $5 axb5
14. e5 dxe5 15. Nxe6 $1 fxe6 16. Bxa8 Be7 17. h4 $14) (13. e5 bxc3 14. b4 d5
15. exf6 Qc7 16. Qe2 $13) (13. Nd5 exd5 14. Nc6 Qb6 15. Qe2 Qb5 $1 $17) 13...
Ne5 14. Ng3 Be7 15. h4 Bb7 $13) 13. Nc6 $5 (13. Qe2 Be7 14. O-O-O Bb7 15. Bf4
Nfd7 16. Kb1 Rc8 17. Bc1 Nb6 18. g5 Rxc3 19. bxc3 Na4 20. Rd3 Bxg5 21. Bxg5
Qxg5 22. Ka1 Nxd3 23. cxd3 Nxc3 $19 {1-0 (39) Ponkratov,P (2605)-Inarkiev,E 
(2680) Khanty-Mansiysk 2013}) 13... Nxc6 14. e5 Qb6 $1 (14... Nxe5 15. Bxa8 Be7
16. Qd4 $16) 15. Bxf6 Rh3 $1 16. exd6 (16. Bg5 $5 d5 17. Nxd5 exd5 18. Qxd5
Rxf3 $1 19. Qxf3 Bb7 20. Rf1 (20. e6 $6 Bb4+ $1 21. c3 Ne5 22. exf7+ Nxf7 23.
Qe2+ Kf8 $17) 20... Nxe5 21. Qe2 Qe6 22. O-O-O $13) 16... Qe3+ 17. Be2 Ne5 $1 (
17... Rf3 18. Bg5 $1 Qf2+ 19. Kd2 Qd4+ 20. Kc1 Rxc3 21. Qxd4 $1 Nxd4 22. bxc3
Nxe2+ 23. Kd2 Nxc3 24. Kxc3 Bxd6 $14) 18. Qc1 $6 (18. Bxe5 $2 Qxe5 $17) (18.
Rf1 Bb7 19. Qc1 Qxc1+ 20. Rxc1 Bxd6 21. Rd1 Bc7 $44) 18... Nf3+ 19. Kd1 Qb6 $6
(19... Qc5 $1 20. Qf4 e5 21. Qe4 Qxd6+ 22. Bd3 Rb8 23. g5 b4 24. Ne2 Bb7 25.
Qe3 Nxg5 26. Qxe5+ Qxe5 27. Bxe5 Rd8 $17) 20. Ne4 $1 {0-1 (28) Bologan,V (2657)
-Cheparinov,I (2670) Kemer 2007} (20. Qf4 $2 Bxd6 21. Qe4 Bb7 $19)) 10... Ne5
11. h3 {The results for Black in the games of strong players are not exactly
encouraging, but the culprit might not have been the objective value of the
position.} (11. fxe6 fxe6 12. Nf3 Nfd7 13. Nxe5 Nxe5 14. Qd4 Bd7 15. O-O-O Be7
16. Kb1 Qa5 17. a3 O-O-O 18. Rhf1 Qc5 19. Qd2 Qc6 20. h4 Rhg8 21. hxg5 Bxg5 22.
Bxg5 Rxg5 23. Rf6 Nxg4 24. Rxh6 $14 {1-0 (114) Salgado Lopez,I (2626)
-Huschenbeth,N (2521) Chennai 2011}) (11. a4 Bg7 12. a5 O-O 13. h4 gxh4 14. g5
Nh7 15. gxh6 Bf6 16. Qd2 Kh8 17. Nb3 exf5 18. Bb6 Bg5 19. Bxd8 Bxd2+ 20. Kxd2
Rxd8 21. Rxh4 Ng5 22. Rf1 Nxe4+ 23. Nxe4 fxe4 24. Rxe4 $14 {1-0 (44) Kovalev,A
(2515)-Oparin,G (2257) Alushta 2009}) 11... b5 {[%mdl 4] Black's ambition to
prepare real counterplay on the queenside must be a correct strategy. White
can only hope for some medium term advantage.} (11... Bd7 12. fxe6 fxe6 13. Nf3
Bc6 14. Qd4 Nfd7 15. O-O-O Rg8 16. Nd2 Qe7 17. Nb3 Ng6 18. Na5 Nde5 19. Rhf1
Rd8 20. Kb1 Bg7 21. Qb4 Rf8 22. Bb6 $14 {1-0 (52) Alekseenko,K (2434)-Al Sayed,
M (2511) St Petersburg 2012}) 12. a3 Qe7 (12... Bg7 13. Qd2 Qe7 14. fxe6 fxe6
15. Nf3 Nxf3+ 16. Bxf3 Nd7 17. e5 d5 18. Nxd5 exd5 19. Bxd5 Rb8 20. O-O-O $36)
13. fxe6 fxe6 14. Nf3 Bb7 {The defender is not afraid of exchanges on the
e5-square. Doubled pawns in the centre need protection, on the other hand they
manage to steal a huge amount of attractive squares from the white pieces.} (
14... Nxf3+ 15. Bxf3 Bb7 16. Qd2 Bg7 17. O-O-O Rd8 18. Bg2 $14) 15. Nxe5 (15.
Rf1 Bg7 16. Nxe5 dxe5 17. Bd3 O-O $11) 15... dxe5 16. Bd3 Qc7 {Topalov is
acting in the style of truly classical players and thus he prepares an
exchange of the dark squared bishops. It is hard to prove, that the natural
development with 16...Bg7 would not have been sufficient for the equality.} (
16... Bg7 17. Qd2 O-O 18. O-O-O b4 19. axb4 Qxb4 20. Rhe1 Bc6 21. Nb1 Qb7 $11)
17. h4 Bc5 (17... gxh4 18. Rxh4 O-O-O 19. Qf3 Nd7 $13) 18. Qe2 (18. Bxc5 Qxc5
19. Qf3 Rf8 20. Qe2 O-O-O $11) 18... Bxe3 (18... Bd4 19. Bd2 O-O-O 20. O-O-O
$14) 19. Qxe3 Nxg4 20. Qg3 h5 {The temporary solution for the knight on g4 is
sufficient for the slowing down of White's initiative.} (20... Nf6 21. hxg5 Nd7
22. Rxh6 O-O-O 23. O-O-O $18) 21. O-O-O O-O-O (21... gxh4 22. Qxh4 Qe7 23.
Bxb5+ axb5 24. Qxg4 hxg4 25. Rxh8+ Kf7 26. Rh7+ Kf8 27. Rxe7 Kxe7 28. Rg1 Rg8
29. Kd2 Bc6 $11) 22. hxg5 Qg7 23. Qh4 (23. Rdf1 Qxg5+ 24. Kb1 Rd7 $11) 23...
Rdg8 24. Be2 Qxg5+ 25. Qxg5 Rxg5 {The results of the opening battle must be
quite pleasing for the second player. The extra pawn is forcing the opponent
into activity directed at proving enough compensation for the missing material.
} 26. Rh4 Nf6 (26... Kc7 27. Rg1 Rf8 28. Rgh1 Nf6 29. Bxh5 $11) 27. Rf1 Rh6 28.
b4 Rg2 {The black pieces are fairly tied down, so it will be difficult for him
to generate active play.} (28... Rg3 29. Kb2 Kd8 30. a4 bxa4 31. Ra1 Re3 32.
Rxa4 Nxe4 33. Nxe4 Rxe2 34. Nc5 $11) 29. Bf3 (29. a4 bxa4 30. Bf3 Rg3 31. Nxa4
$11) 29... Rg3 30. a4 Bc6 {It must have been very difficult for Black to judge,
in which line his chances for any progress are the best.} (30... Ne8 31. Kb2 (
31. axb5 Rf6 32. Be2 Rxf1+ 33. Bxf1 Rg1 34. bxa6 Rxf1+ 35. Kd2 Bxa6 $17) 31...
bxa4 32. Nxa4 Nd6 33. Be2 Re3 34. Nc3 Nxe4 35. Rf8+ Kc7 36. Rf7+ Kd6 37. Rxb7
Nxc3 38. Bd3 $11) 31. axb5 axb5 (31... Bxb5 32. Nxb5 axb5 33. Be2 Kc7 34. Bxb5
Rg4 35. Rxg4 hxg4 36. Be2 $11) 32. Ne2 (32. Kb2 Kc7 33. Be2 Kb6 34. Rd1 Re3 35.
Rd6 Kc7 36. Rxe6 Rxc3 37. Rxf6 Rxc2+ 38. Kxc2 Rxf6 39. Rxh5 $11) 32... Rg5 33.
Kd2 Rh7 $15 34. Rg1 {Ponomariov is well aware of his relative misfortune in
this position, but the problems are still manageable due to his opponent's
weaknesses on b5 and h5.} (34. Nc1 Rd7+ 35. Nd3 Rd4 36. Re1 Rg3 37. Re3 Kc7 $15
) 34... Rxg1 35. Nxg1 Kd8 (35... Rd7+ 36. Ke3 Rd4 37. c3 Rc4 38. Ne2 Be8 39.
Kd2 Kd8 $15) 36. Ke3 Be8 (36... Ra7 37. Ne2 Ra3+ 38. c3 Be8 39. Kd3 $15) 37.
Be2 Ra7 (37... Rc7 38. Nf3 Rxc2 39. Nxe5 Ke7 40. Rf4 Ra2 $15) 38. Nf3 Ng4+ 39.
Kd2 Ke7 (39... Rd7+ 40. Kc1 Rg7 41. Ne1 Nf2 42. Nd3 Nxd3+ 43. cxd3 $11) 40. Ne1
Nf6 41. Nd3 {White has managed to survive the first time control without any
additional harm and real improvements for the black position are difficult to
imagine.} Kd6 42. Nc5 Ra1 43. Rh3 Rb1 44. c3 (44. Kc3 Rg1 $15) 44... Rg1 45.
Nb7+ Ke7 46. Nc5 Rg2 47. Ke1 {The white pieces are located at optimal squares
and it is up to the enemy to prove that his defensive setup is insufficient.}
Rg5 48. Kf2 Bc6 49. Rg3 $1 {Ponomariov is exchanging yet another pair of rooks
along the g-file. The resulting endgame with reduced material is fairly easy
to hold.} (49. Bf3 Rg8 50. Rg3 Rh8 $11) 49... Rxg3 50. Kxg3 Be8 (50... Bxe4 51.
Bxb5 Bf5 52. Be2 Nd5 53. Bxh5 Nxc3 $15) 51. Kh4 Bc6 52. Bf3 Kd6 53. Kg5 Ke7 54.
Kh4 {Black is unable to make any real progress.} Kd6 55. Kg5 Ke7 56. Kh4 Kd6
1/2-1/2

[Event "Wch Rapid"]
[Site "Khanty-Mansiysk"]
[Date "2013.06.06"]
[Round "5"]
[White "Dubov, Daniil"]
[Black "Ponomariov, Ruslan"]
[Result "1/2-1/2"]
[WhiteElo "2638"]
[BlackElo "2743"]
[PlyCount "44"]
[EventDate "2013.06.06"]
[EventType "swiss (rapid)"]
[EventRounds "15"]
[EventCountry "RUS"]
[SourceTitle "CBM 154 Extra"]
[Source "ChessBase"]
[SourceDate "2013.06.25"]
[SourceVersion "2"]
[SourceVersionDate "2013.06.25"]
[SourceQuality "1"]

1. d4 Nf6 2. c4 e6 3. Nc3 Bb4 4. e3 O-O 5. Nge2 d5 6. a3 Be7 7. cxd5 exd5 8.
Nf4 c6 9. Bd3 Nbd7 10. O-O Re8 11. f3 Nf8 12. Bc2 Ne6 13. e4 dxe4 14. Nxe6 Bxe6
15. fxe4 c5 16. e5 Nd5 17. Qd3 g6 18. Ba4 cxd4 19. Ne4 Bd7 20. Bb3 Be6 21. Ba4
Bd7 22. Bb3 Be6 1/2-1/2

[Event "Wch Blitz 7th"]
[Site "Khanty-Mansiysk"]
[Date "2013.06.10"]
[Round "24"]
[White "Nguyen, Ngoc Truong Son"]
[Black "Ponomariov, Ruslan"]
[Result "1-0"]
[WhiteElo "2625"]
[BlackElo "2743"]
[PlyCount "109"]
[EventDate "2013.06.09"]
[EventType "swiss (blitz)"]
[EventRounds "30"]
[EventCountry "RUS"]
[SourceTitle "CBM 154 Extra"]
[Source "ChessBase"]
[SourceDate "2013.06.25"]
[SourceVersion "2"]
[SourceVersionDate "2013.06.25"]
[SourceQuality "1"]

1. d4 Nf6 2. c4 e6 3. Nc3 Bb4 4. e3 O-O 5. Nge2 d5 6. a3 Be7 7. Nf4 c6 8. cxd5
exd5 9. Bd3 a5 10. O-O Na6 11. f3 Re8 12. Bc2 c5 13. dxc5 Bxc5 14. Ncxd5 Nxd5
15. Nxd5 Be6 16. Nf4 Qb6 17. Qd3 g6 18. Kh1 Rad8 19. Qc3 Bf8 20. Nxe6 Rxe6 21.
Qb3 Nc5 22. Qxb6 Rxb6 23. e4 Nb3 24. Bxb3 Rxb3 25. Bg5 Rc8 26. Rf2 Bg7 27. Rb1
h6 28. Bf4 g5 29. Bc1 Rd8 30. Rd2 Rbd3 31. Rxd3 Rxd3 32. Kg1 Rd1+ 33. Kf2 Be5
34. g3 a4 35. Ke2 Rh1 36. Kd3 b5 37. h4 gxh4 38. gxh4 h5 39. Kc2 Rxh4 40. Bd2
Rh2 41. Kd3 h4 42. f4 Bg7 43. Rg1 Kh7 44. e5 Bf8 45. Be3 Rxb2 46. Rh1 Bxa3 47.
Rxh4+ Kg6 48. Ke4 Rb4+ 49. Kd5 Bb2 50. f5+ Kxf5 51. Rxb4 a3 52. Rf4+ Kg6 53.
Rf6+ Kg7 54. Bd4 Bc1 55. Kc5 1-0

[Event "FIDE World Cup"]
[Site "Tromsoe"]
[Date "2013.08.16"]
[Round "2.8"]
[White "Dubov, Daniil"]
[Black "Ponomariov, Ruslan"]
[Result "1/2-1/2"]
[WhiteElo "2624"]
[BlackElo "2756"]
[PlyCount "21"]
[EventDate "2013.08.11"]
[EventType "k.o."]
[EventRounds "7"]
[EventCountry "NOR"]
[SourceTitle "CBM 156"]
[Source "ChessBase"]
[SourceDate "2013.09.17"]
[SourceVersion "1"]
[SourceVersionDate "2013.09.17"]
[SourceQuality "1"]

1. d4 Nf6 2. c4 e6 3. Nc3 Bb4 4. e3 c5 5. Nge2 cxd4 6. exd4 d5 7. c5 Ne4 8. Bd2
Bxc3 9. Nxc3 O-O 10. Bd3 Nc6 11. O-O 1/2-1/2

[Event "World Cup ACP"]
[Site "Riga"]
[Date "2013.09.15"]
[Round "3.2"]
[White "Nepomniachtchi, Ian"]
[Black "Ponomariov, Ruslan"]
[Result "1-0"]
[WhiteElo "2717"]
[BlackElo "2756"]
[Annotator "CB"]
[PlyCount "65"]
[EventDate "2013.09.13"]
[EventType "k.o. (rapid)"]
[EventRounds "4"]
[EventCountry "LAT"]
[SourceTitle "CBM 156 Extra"]
[Source "ChessBase"]
[SourceDate "2013.10.22"]
[SourceVersion "1"]
[SourceVersionDate "2013.10.22"]
[SourceQuality "1"]

{With Ponomariov having won the first game with White, "Nepo" was in a dire
situation.} 1. c4 e6 2. Nc3 d5 3. d4 Be7 4. cxd5 exd5 5. Bf4 c6 6. e3 Bf5 7. g4
Be6 8. h4 Nd7 9. g5 h6 10. g6 $1 {No holding back! In only 10 moves of chess
this little pawn has made it to the 6th rank and will capture on f7. White
loses time but breaks apart his opponent's king's cover.} Ngf6 11. gxf7+ Bxf7
12. Bd3 Ne4 {Interestingly this position had already been played by Ponomariov.
.. but with White! It was his game against Riazantsev earlier this year.} 13.
Bxe4 (13. Nxe4 dxe4 14. Bxe4 Nf6 15. Bf3 O-O 16. Ne2 c5 17. Rg1 $16 {
Ponomariov-Riazantsev, 2013}) 13... dxe4 14. Nge2 {Black has some problems
with his e4 pawn and king positioning, but never underestimate the power of
the two bishops.} O-O 15. Qc2 Nf6 16. Rg1 Kh8 17. Be5 {White's pressure is
intensifying, and in a rapid game you never want to be on the defensive.} Qa5
18. Nf4 Bb4 19. Bxf6 (19. f3 $5 {sets up a nasty trap:} exf3 20. Ng6+ Bxg6 21.
Qxg6 Bxc3+ 22. Kd1 $1 {and suddenly black is defenseless!}) 19... gxf6 20. Qxe4
Rg8 21. Rxg8+ (21. Kd2 $5 {keeping the tension, was worth playing.}) 21... Rxg8
22. Kd2 {Black's obtained serious counterplay, but a pawn is a pawn.} f5 23.
Qf3 Bc4 $2 {This move looks much better than it is. Now Nepo gets a free
attack.} (23... Bd6 {was far more subtle and kept chances alive for both
players.}) 24. Qh5 Kh7 25. d5 $1 {Very annoying! Either the bishop or the
queen are cut off from the defense!} Bxd5 26. Qxf5+ Kh8 27. Ng6+ Kg7 28. Ne7
Bxc3+ 29. bxc3 Rd8 30. Qe5+ Kf7 31. Nf5 {Extremely precise and fearless play.
There are no important discoveries as the countercheck Nd6+ covers them all.}
Rd7 32. Nd6+ Kf8 33. Qe8+ {Nepo shows cold blood in this tournament.} 1-0

[Event "Paris FIDE GP"]
[Site "Elancourt"]
[Date "2013.09.29"]
[Round "7"]
[White "Ivanchuk, Vassily"]
[Black "Ponomariov, Ruslan"]
[Result "1/2-1/2"]
[WhiteElo "2731"]
[BlackElo "2756"]
[Annotator "Ramirez Alvarez,A"]
[PlyCount "79"]
[EventDate "2013.09.22"]
[EventType "tourn"]
[EventRounds "11"]
[EventCountry "FRA"]
[EventCategory "20"]
[SourceTitle "CBM 157"]
[Source "ChessBase"]
[SourceDate "2013.11.12"]
[SourceVersion "1"]
[SourceVersionDate "2013.11.12"]
[SourceQuality "1"]
[TimeControl "40/7200:20/3600:900+30"]
[WhiteClock "2:00:00"]
[BlackClock "2:00:00"]

1. c4 {[%emt 0:00:02]} Nf6 {[%emt 0:00:23]} 2. Nf3 {[%emt 0:00:15]} e6 {
[%emt 0:00:31]} 3. g3 {[%emt 0:00:05]} d5 {[%emt 0:00:42]} 4. Bg2 {[%emt 0:00:
06]} Be7 {[%emt 0:01:55]} 5. O-O {[%emt 0:03:28]} O-O {[%emt 0:00:14]} 6. d4 {
[%emt 0:00:04]} dxc4 {[%emt 0:00:13]} 7. Ne5 {[%emt 0:00:04]} Nc6 {[%emt 0:00:
39]} 8. Bxc6 {[%emt 0:00:09]} bxc6 {[%emt 0:00:12]} 9. Nxc6 {[%emt 0:00:02]}
Qe8 {[%emt 0:00:45]} 10. Nxe7+ {[%emt 0:00:07]} Qxe7 {[%emt 0:00:04]} 11. Qc2 {
[%emt 0:00:36]} c5 {[%emt 0:02:31]} 12. Qxc4 {[%emt 0:03:06]} cxd4 {[%emt 0:00:
32]} 13. Qxd4 {[%emt 0:00:04]} e5 {[%emt 0:01:17]} 14. Qh4 {[%emt 0:00:16]} Ba6
$146 {[%emt 0:19:05]} (14... Rb8 15. b3 Qe6 16. Bg5 Nd5 17. e4 Nb4 18. Be7 Re8
19. Bxb4 Rxb4 20. Nc3 Bb7 21. Rac1 Rd4 22. Rfe1 Bc6 23. Qg5 h6 24. Qe3 Red8 25.
Qe2 R8d6 26. Qb2 Rd2 27. Qa3 Qd7 28. Qc5 f6 29. b4 a6 30. Qa5 Kh7 31. a4 Rb2
32. Rcd1 Rdd2 33. Rf1 Rxd1 34. Rxd1 Qb7 35. Nd5 Qa7 36. Rf1 Qd4 37. Qxa6 Bxd5
38. exd5 Rxb4 39. Qe6 Rxa4 40. Qf5+ Kg8 41. Qc8+ Kh7 42. Qf5+ {1/2-1/2 (42)
Iturrizaga Bonelli,E (2660)-Onischuk,A (2667) Tromso 2013}) 15. Bg5 {[%emt 0:
24:12]} Bxe2 {[%emt 0:05:29] In another Catalan in the Ukrainian duel it was
impossible to say that White obtained anything from the opening. The variation
is well known; White wins a pawn but the opposite colored bishops and the easy
play for Black give him compensation. However on top of this Ponomariov was
able to quickly regain his pawn and secure full equality.} 16. Re1 {[%emt 0:00:
08]} Bd3 {[%emt 0:16:42]} 17. Nc3 {[%emt 0:01:24]} Qe6 {[%emt 0:02:58]} 18.
Bxf6 {[%emt 0:21:18]} gxf6 {[%emt 0:22:14]} 19. Ne4 {[%emt 0:01:10]} Bxe4 {
[%emt 0:00:47]} 20. Qxe4 {[%emt 0:07:07]} Rac8 {[%emt 0:04:34]} 21. b3 {
[%emt 0:01:32]} Rfd8 {[%emt 0:00:58]} 22. Rad1 {[%emt 0:00:11]} Kg7 {[%emt 0:
00:28]} 23. Qe3 {[%emt 0:01:24]} a6 {[%emt 0:00:36]} 24. Qe2 {[%emt 0:00:06]}
Rxd1 {[%emt 0:05:55]} 25. Rxd1 {[%emt 0:00:22]} f5 {[%emt 0:00:43]} 26. Qd3 {
[%emt 0:03:05]} h6 {[%emt 0:04:38]} 27. Kg2 {[%emt 0:00:34]} Rc5 {[%emt 0:01:
07]} 28. Qd6 {[%emt 0:01:03]} Rc2 {[%emt 0:01:26]} 29. Qxe6 {[%emt 0:00:10]}
fxe6 {[%emt 0:00:04]} 30. Rd6 {[%emt 0:00:04]} Rxa2 {[%emt 0:00:49]} 31. Rxe6 {
[%emt 0:00:05]} e4 {[%emt 0:01:08]} 32. g4 {[%emt 0:01:51]} fxg4 {[%emt 0:00:
38]} 33. Rxe4 {[%emt 0:00:05]} h5 {[%emt 0:00:07]} 34. Re6 {[%emt 0:00:36]} a5
{[%emt 0:02:55]} 35. Ra6 {[%emt 0:06:02]} Ra3 {[%emt 0:00:39]} 36. h3 {[%emt 0:
00:18]} gxh3+ {[%emt 0:00:44]} 37. Kh2 {[%emt 0:00:03]} Rxb3 {[%emt 0:00:34]}
38. Rxa5 {[%emt 0:00:09]} Rf3 {[%emt 0:00:15]} 39. Rxh5 {[%emt 0:00:06]} Rxf2+
{[%emt 0:00:04]} 40. Kxh3 {[%emt 0:00:00]} 1/2-1/2

[Event "Paris FIDE GP"]
[Site "Elancourt"]
[Date "2013.10.02"]
[Round "9"]
[White "Nakamura, Hikaru"]
[Black "Ponomariov, Ruslan"]
[Result "1/2-1/2"]
[WhiteElo "2772"]
[BlackElo "2756"]
[Annotator "ChessBase Website"]
[PlyCount "93"]
[EventDate "2013.09.22"]
[EventType "tourn"]
[EventRounds "11"]
[EventCountry "FRA"]
[EventCategory "20"]
[SourceTitle "CBM 157"]
[Source "ChessBase"]
[SourceDate "2013.11.12"]
[SourceVersion "1"]
[SourceVersionDate "2013.11.12"]
[SourceQuality "1"]
[TimeControl "40/7200:20/3600:900+30"]
[WhiteClock "2:00:00"]
[BlackClock "2:00:00"]

1. d4 {[%emt 0:00:03]} Nf6 {[%emt 0:00:07]} 2. c4 {[%emt 0:00:04]} e6 {[%emt 0:
00:08]} 3. Nc3 {[%emt 0:00:20]} Bb4 {[%emt 0:00:14]} 4. Qc2 {[%emt 0:00:04]} d5
{[%emt 0:00:49]} 5. a3 {[%emt 0:00:18]} Bxc3+ {[%emt 0:00:28]} 6. Qxc3 {
[%emt 0:00:09]} Ne4 {[%emt 0:00:18]} 7. Qc2 {[%emt 0:01:05]} c5 {[%emt 0:00:17]
} 8. dxc5 {[%emt 0:02:15]} Nc6 {[%emt 0:00:19]} 9. e3 {[%emt 0:04:04]} Qa5+ {
[%emt 0:00:56]} 10. Bd2 {[%emt 0:00:09]} Nxd2 {[%emt 0:00:10]} 11. Qxd2 {
[%emt 0:00:09]} dxc4 {[%emt 0:01:24]} 12. Qxa5 {[%emt 0:07:36]} Nxa5 {[%emt 0:
00:12]} 13. Rc1 {[%emt 0:00:03]} b5 {[%emt 0:02:51]} 14. cxb6 {[%emt 0:01:41]}
Bb7 {[%emt 0:06:04]} 15. Nf3 {[%emt 0:17:59]} Ke7 {[%emt 0:11:40]} 16. Nd2 {
[%emt 0:01:49] The players followed a long theoretical variation in the
Nimzo-Indian. Nakamura played the new moves 16.Nd2 but it is unclear exactly
how good this move is} (16. bxa7 Bxf3 17. gxf3 {Parligras,M (2625)-Adams,M 
(2733) Bundesliga 1112 2011 (5.1) 1/2}) 16... axb6 {[%emt 0:03:07]} 17. Bxc4 {
[%emt 0:13:53]} Rhd8 {[%emt 0:30:10]} (17... Nxc4 18. Nxc4 Bxg2 19. Rg1 Be4 20.
Nxb6 Rab8 21. Na4 Rhc8 22. Rxc8 Rxc8 23. Nc3 h6 24. Ke2 Bg6 25. Rc1 Bh5+ 26. f3
Rc4 27. Kf2 Rh4 28. Kg3 g5 29. Ne2 Ra4 30. Rc8 Bg6 31. Nc3 Ra6 32. Rc7+ Kd8 33.
Rc4 Rd6 34. b4 Rd3 35. b5 Bf5 36. b6 Rd7 37. e4 Bg6 38. a4 f5 39. a5 {1-0 (39)
Grigoryan,A (2216)-Kim,V (2047) Nevinomyssk 2009}) (17... Rac8 {Black had the
choice of playing as he did in the game or immediately pinning the knight on
c4 with 17...Rac8, definitely the most logical way of continuing and maybe
White would have had to solve a few issues. The continuation in the game gave
Ponomariov enough compensation for the pawn and allowed him to simplify into
an easily drawn rook endgame.}) 18. Bb5 {[%emt 0:06:30]} Rac8 {[%emt 0:02:34]}
19. Rc3 {[%emt 0:01:10]} Rxc3 {[%emt 0:05:27]} 20. bxc3 {[%emt 0:00:05]} Rc8 {
[%emt 0:00:51]} 21. c4 {[%emt 0:00:04]} Bxg2 {[%emt 0:03:16]} 22. Rg1 {[%emt 0:
00:08]} Bd5 {[%emt 0:00:10]} 23. Rg4 {[%emt 0:01:27]} h5 {[%emt 0:05:22]} 24.
Rh4 {[%emt 0:00:10]} Bc6 {[%emt 0:05:35]} 25. Rxh5 {[%emt 0:00:36]} Bxb5 {
[%emt 0:00:51]} 26. Rxb5 {[%emt 0:00:41]} Nxc4 {[%emt 0:00:28]} 27. Nxc4 {
[%emt 0:00:16]} Rxc4 {[%emt 0:00:03]} 28. Rxb6 {[%emt 0:00:06]} Rh4 {[%emt 0:
01:43]} 29. Ke2 {[%emt 0:01:07]} Rxh2 {[%emt 0:00:13]} 30. a4 {[%emt 0:00:10]}
Rh4 {[%emt 0:03:30]} 31. a5 {[%emt 0:00:08]} Ra4 {[%emt 0:00:09]} 32. a6 {
[%emt 0:00:03]} Ra2+ {[%emt 0:03:09]} 33. Kf3 {[%emt 0:01:35]} f5 {[%emt 0:00:
57]} 34. Rb7+ {[%emt 0:00:04]} Kf6 {[%emt 0:00:07]} 35. a7 {[%emt 0:00:02]} g5
{[%emt 0:00:08]} 36. Kg3 {[%emt 0:00:13]} Ra3 {[%emt 0:00:32]} 37. f3 {[%emt 0:
00:13]} g4 {[%emt 0:01:58]} 38. fxg4 {[%emt 0:00:27]} Rxe3+ {[%emt 0:00:08]}
39. Kf4 {[%emt 0:00:21]} Re4+ {[%emt 0:00:11]} 40. Kf3 {[%emt 0:00:00]} Ra4 {
[%emt 0:00:00]} 41. gxf5 {[%emt 0:00:07]} exf5 {[%emt 0:00:32]} 42. Rc7 {
[%emt 0:00:05]} Ke5 {[%emt 0:00:16]} 43. Re7+ {[%emt 0:00:05]} Kd6 {[%emt 0:00:
07]} 44. Re8 {[%emt 0:00:09]} Rxa7 {[%emt 0:00:06]} 45. Kf4 {[%emt 0:00:04]}
Re7 {[%emt 0:00:06]} 46. Rxe7 {[%emt 0:00:04]} Kxe7 {[%emt 0:00:03]} 47. Kxf5
1/2-1/2